Modelling with differential equations

Αποθηκεύτηκε σε:
Λεπτομέρειες βιβλιογραφικής εγγραφής
Κύριος συγγραφέας: Burghes, David N.
Άλλοι συγγραφείς: Borrie, M. S. (Morag S.)
Μορφή: Βιβλίο
Γλώσσα:English
Δημοσίευση: Chichester, England : Ellis Horwood, 1981
Σειρά:Ellis Horwood series in mathematics and its applications
Θέματα:
Ετικέτες: Προσθήκη ετικέτας
Δεν υπάρχουν, Καταχωρήστε ετικέτα πρώτοι!

MARC

LEADER 00000nam a2200000 i 4500
001 1/62564
008 960305s1981 eng d
020 |a 0853122865 
035 |l 10029100 
040 |a GR-MY-UA  |b gre  |e aacr 
041 0 |a eng 
082 0 |a 515.35 
100 1 |a Burghes, David N. 
245 1 0 |a Modelling with differential equations 
260 |a Chichester, England :   |b Ellis Horwood,   |c 1981 
490 1 |a Ellis Horwood series in mathematics and its applications 
650 0 0 |a Differential equations. 
700 1 |a Borrie, M. S.  |q (Morag S.) 
830 0 |a Ellis Horwood series in mathematics and its applications 
852 |a INST  |b CHIOS  |e 19960305  |h 515.35 BUR  |p 005200000750  |q 005200000750  |t BK  |y 0 
909 |a Χ  |b 005842